| 000 | 00710 a2200205 4500 | ||
|---|---|---|---|
| 001 | 62748 | ||
| 005 | 20260407155921.0 | ||
| 008 | 260407a1998 arg spa d | ||
| 003 | AR-UNSa-BCEJYS | ||
| 040 |
_aAR-UNSa-BCEJYS _bspa _cAR-UNSa-BCEJYS |
||
| 080 |
_a352 _xNiveles inferiores de la administración. Gobierno local. Administración municipal. Autoridades locales |
||
| 245 | 1 | 0 | _aLos municipios en las constituciones provinciales |
| 264 | 1 |
_aLa Plata : _b(EDULP) Editorial de la Universidad Nacional de la Plata _c1998 |
|
| 300 |
_a131 p. _c29 cm. |
||
| 041 | _aspa | ||
| 942 | _cBK | ||
| 590 | _aniveau_biblio:m niveau_hierar:0 | ||
| 100 | 1 | _aVersino, Elsa Irene | |
| 700 | 1 | _aTorga, Pascual Alberto | |
| 999 |
_c7790 _d7790 |
||